Strzelcy bramek w 13 kolejce Ekstraklasy w sezonie 20/21. - Statystyki

Ogólne statystyki
  • Ten quiz został rozwiązany 14 razy
  • Średni wynik to 12 z 24
Statystyki odpowiedzi
Mecz Piłkarz % Poprawnych
Wisła Kraków - Legia Warszawa 1:1 Pekhart
92%
Wisła Kraków - Legia Warszawa 1:2 Pekhart
92%
Podbeskidzie - Piast Gliwice 0:1 Świerczok
85%
Podbeskidzie - Piast Gliwice 0:2 Świerczok
85%
Stal Mielec - Lech Poznań 1:1 Tiba
77%
Raków Częstochowa - Jagiellonia Białystok 3:2 Imaz
62%
Wisła Kraków - Legia Warszawa 1:0 Yeboah
62%
Stal Mielec - Lech Poznań 1:0 Prokić
54%
Zagłębie Lubin - Śląsk Wrocław 1:1 Drazic
46%
Zagłębie Lubin - Śląsk Wrocław 0:1 Exposito
46%
Warta Poznań - Pogoń Szczecin 0:1 Gorgon
46%
Zagłębie Lubin - Śląsk Wrocław 2:1 Kruk
46%
Raków Częstochowa - Jagiellonia Białystok 2:0 Schwarz
46%
Raków Częstochowa - Jagiellonia Białystok 3:1 Schwarz
46%
Podbeskidzie - Piast Gliwice 0:5 Alves
38%
Raków Częstochowa - Jagiellonia Białystok 1:0 Niewulis
38%
Górnik Zabrze - Cracovia 0:2 Siplak
38%
Górnik Zabrze - Cracovia 0:1 van Amersfoort
38%
Warta Poznań - Pogoń Szczecin 0:2 Zahovic
38%
Warta Poznań - Pogoń Szczecin 1:2 Jakóbowski
31%
Lechia Gdańsk - Wisła Płock 0:1 Lagator
31%
Raków Częstochowa - Jagiellonia Białystok 2:1 Makuszewski
31%
Podbeskidzie - Piast Gliwice 0:3 Malarczyk
31%
Podbeskidzie - Piast Gliwice 0:4 Milewski
31%
Nie znaleziono quizów pasujących do podanych kryteriów
Rozkład punktacji
Procent ludzi z każdym wynikiem
Percentyl według liczby udzielonych odpowiedzi
Twoja historia wyników
Nie rozwiązałeś tego quizu